MLB Teams by Logo Description - Statistics

General Stats
  • This quiz has been taken 178 times
  • The average score is 23 of 30
Answer Stats
Hint Answer % Correct
A pair of red socks hanging with white patches at the toes and the heels. Red Sox
98%
An unrealistic-looking, smiling orange bird with a dark baseball cap. Orioles
97%
The word SOX calligraphed in black on a slant with white and silver outlines. White Sox
91%
A bird head in navy and royal blue with a large red maple leaf off to the side. Blue Jays
89%
A blue home plate shape with a gold crown above interlocked KC in white is placed on a shield. Royals
85%
An orange star and white H with bevelling on a blue and orange circle with the team name surrounding it. Astros
82%
The team name in red across a baseball with a navy blue circle around the baseball with MINNESOTA in white arched above and BASEBALL CLUB arched below. Twins
81%
An Uncle Sam top hat that is red, white, and blue in color and hangs on the baseball bat on top of a white baseball with red seams. Yankees
81%
The letter G in red with blue trim and shadowing placed on either side of a baseball with the letters placed to resemble a split-finger fastball grip. A set of blue and white wings are on the back of the letters. Guardians
80%
The team name in navy blue with a light blue drop shadow and a glint of sun ray in gold. Rays
80%
The plural of the first letter in the alphabet in green and yellow inside a thick green circle with the team name in white Athletics
79%
A fish in blue, red, and black leaping with a baseball to the right, Miami scripted below. Marlins
79%
A two-toned red A trimmed in navy blue with a silver halo. Angels
78%
The team name above a bridge in front of New York Skyline. Mets
78%
A red curly W with a blue outline inside a blue circle with red outlines, two red stars, and the team name in white. Nationals
75%
The team name in red on a blue Liberty Bell. Phillies
75%
An old English style D in navy blue. Tigers
73%
A "Nautical Compass Rose." The logo is navy blue, metallic silver, and Northwest green. Mariners
72%
A gold P. Pirates
72%
A red T on a baseball in red and blue ring with team name Rangers
72%
A red bird perched on a yellow bat over the team name in red. Cardinals
71%
The logo shows a large red C with the rest of the team name inside placed inside of a royal blue circle. Cubs
71%
An M and a B in the shape of a baseball glove in navy, royal blue, and yellow inside a circle with team name written around it. Brewers
69%
The team name scripted in red with navy blue trim with a Native American style tomahawk below in red, blue, and yellow. Braves
67%
An interlocked SD in brown. Padres
67%
A red and black A, which resembles the pattern of a snake. There is a red and sand half-star, tongue in the middle. Diamondbacks
65%
The logo shows a white wishbone-style C on a red field of the same shape with a black drop shadow, inside the C is the rest of the team name written in white lettering. Reds
65%
An interlocked CR design in black and silver. Rockies
65%
The team name in front of an orange stiched baseball. Giants
60%
The team name scripted in blue across a red baseball soaring high into the sky. Dodgers
50%
No matching quizzes found
Score Distribution
Percent of People with Each Score
Percentile by Number Answered
Your Score History
You have not taken this quiz